Aluri satyanarayana Raju: (Record no. 1434814)

MARC details
000 -LEADER
fixed length control field 00779nam a22002297a 4500
005 - DATE AND TIME OF LATEST TRANSACTION
control field 20250820162341.0
008 - FIXED-LENGTH DATA ELEMENTS--GENERAL INFORMATION
fixed length control field 250820b |||||||| |||| 00| 0 eng d
037 ## - SOURCE OF ACQUISITION
Terms of availability TB
040 ## - CATALOGING SOURCE
Original cataloging agency CRL
Transcribing agency CRL
041 ## - LANGUAGE CODE
Source of code eng
Language code of text/sound track or separate title eng
Language code of original tel
084 ## - COLON CLASSIFICATION NUMBER
Classification number O35,3NAZ,AS 152R3
Assigning agency CRL
100 ## - MAIN ENTRY--PERSONAL NAME
Personal name Aziz, S. D. V.
9 (RLIN) 818256
245 ## - TITLE STATEMENT
Title Aluri satyanarayana Raju:
Remainder of title Freedom movement novel
260 ## - PUBLICATION, DISTRIBUTION, ETC.
Place of publication, distribution, etc. Anadra Pradesh, India:
Name of publisher, distributor, etc. S. Abdul Aziz,
Date of publication, distribution, etc. 2023.
300 ## - PHYSICAL DESCRIPTION
Extent 661p.
365 ## - TRADE PRICE
Price amount 500.00
Currency code INR
650 ## - SUBJECT ADDED ENTRY--TOPICAL TERM
Topical term or geographic name entry element Telegu Fiction
9 (RLIN) 818257
650 ## - SUBJECT ADDED ENTRY--TOPICAL TERM
Topical term or geographic name entry element Telegu Literature
9 (RLIN) 815224
700 ## - ADDED ENTRY--PERSONAL NAME
Personal name Nirmala, Paaranandi
Relator term translator.
9 (RLIN) 818258
942 ## - ADDED ENTRY ELEMENTS (KOHA)
Source of classification or shelving scheme Colon Classification (CC)
Koha item type Textbook
Classification part O35,3NAZ,AS 152R3
Suppress in OPAC No
Holdings
Withdrawn status Lost status Source of classification or shelving scheme Damaged status Not for loan Home library Current library Date acquired Source of acquisition Cost, normal purchase price Inventory number Total Checkouts Full call number Barcode Date last seen Price effective from Koha item type
    Colon Classification (CC)     Central Library Central Library 2025-08-20 S. D. V. Aziz 500.00 Gift   O35,3NAZ,AS 152R3 CL1699782 2025-08-20 2025-08-20 Textbook
Copyright @ Delhi University Library System